Revoluce v oblasti placení
Rozvoj platobných kariet v Českej republike. Nové technológie bezkontaktných kariet v Európe. Bezkontaktné transakcie uskutočňované prostredníctvom rádiového signálu. Najmodernejšia forma platenia. Bezpečnosť bezkontaktných platobných kariet.
Enregistré dans:
| Auteur principal: | |
|---|---|
| Format: | Chapitre de livre |
| Langue: | tchèque |
| Sujets: | |
| Tags: |
Pas de tags, Soyez le premier à ajouter un tag!
|
MARC
| LEADER | 00000naa a2200000 4500 | ||
|---|---|---|---|
| 001 | 0134542 | ||
| 005 | 20231129094008.7 | ||
| 041 | 0 | |a cze | |
| 044 | |a CZ | ||
| 245 | 1 | 0 | |a Revoluce v oblasti placení |c Marcel Gajdoš |
| 520 | |a Rozvoj platobných kariet v Českej republike. Nové technológie bezkontaktných kariet v Európe. Bezkontaktné transakcie uskutočňované prostredníctvom rádiového signálu. Najmodernejšia forma platenia. Bezpečnosť bezkontaktných platobných kariet. | ||
| 610 | 2 | 0 | |a banky |
| 610 | 2 | 0 | |a bankovníctvo |
| 610 | 2 | 0 | |a bankovníctvo elektronické |
| 610 | 2 | 0 | |a operácie bankové |
| 610 | 2 | 0 | |a platby bezhotovostné |
| 610 | 2 | 0 | |a zúčtovanie bezhotovostné |
| 610 | 2 | 0 | |a karty platobné |
| 610 | 2 | 0 | |a karty čipové |
| 610 | 2 | 0 | |a mikroelektronika |
| 610 | 2 | 0 | |a terminály |
| 610 | 2 | 0 | |a Česko |
| 610 | 2 | 0 | |a Európa |
| 100 | 1 | |a Gajdoš, Marcel | |